[Event "Caxambu Casa do Xadrez op"]
[Site "Caxambu"]
[Date "2022.07.23"]
[Round "3"]
[White "Assis, Washington Luis Lin"]
[Black "Lage, Pedro Ferreira"]
[Result "0-1"]
[WhiteElo "1726"]
[BlackElo "2104"]
[PlyCount "94"]
[EventDate "2022.07.22"]
[EventType "swiss"]
[EventRounds "6"]
[EventCountry "BRA"]
[SourceTitle "CBM 209 Extra"]
[Source "ChessBase"]
[SourceDate "2022.09.30"]
[SourceVersion "1"]
[SourceVersionDate "2022.09.30"]
[SourceQuality "1"]

1. c4 c6 2. g3 d5 3. Bg2 Nf6 4. cxd5 cxd5 5. d4 Nc6 6. Nc3 Bf5 7. a3 e6 8. Nf3 Be7 9. 0-0 0-0 10. Nh4 Bg4 11. Nf3 Rc8 12. Bf4 Bxf3 13. Bxf3 Qb6 14. e3 Qxb2 15. Na4 Qb5 16. Rb1 Qa5 17. Rxb7 Qa6 18. Rb1 Na5 19. Bg5 Nc4 20. Bxf6 gxf6 21. Be2 Rb8 22. Ra1 Rfc8 23. Bd3 f5 24. g4 fxg4 25. Qxg4+ Kh8 26. Qh5 f5 27. Nc5 Bxc5 28. dxc5 Qc6 29. Be2 Nd2 30. Qh6 Rg8+ 31. Kh1 Nxf1 32. Qf6+ Rg7 33. Rxf1 Kg8 34. Bf3 Rg6 35. Qe5 Rb5 36. Bh5 Rg7 37. Qf6 Rb8 38. Qe5 Rc8 39. Rb1 d4+ 40. f3 dxe3 41. Qxe3 Qd5 42. Qe2 e5 43. h3 Qxc5 44. Qa2+ Kh8 45. Qd2 Rcg8 46. Qh2 Rg2 47. Qxg2 Rxg2 0-1

[Event "Neuquen Las Balsas op"]
[Site "Neuquen"]
[Date "2022.06.17"]
[Round "1"]
[White "Slipak, Sergio"]
[Black "Assis, Washington Luis Lin"]
[Result "1-0"]
[WhiteElo "2384"]
[BlackElo "1718"]
[PlyCount "85"]
[EventDate "2022.06.17"]
[EventType "swiss"]
[EventRounds "7"]
[EventCountry "ARG"]
[SourceTitle "CBM 208 Extra"]
[Source "ChessBase"]
[SourceDate "2022.07.31"]
[SourceVersion "1"]
[SourceVersionDate "2022.07.31"]
[SourceQuality "1"]

1. d4 Nf6 2. Nf3 d5 3. c4 e6 4. Nc3 Be7 5. Bf4 c6 6. e3 Nbd7 7. Qc2 h6 8. 0-0-0 dxc4 9. Bxc4 Nb6 10. Bb3 Nbd5 11. Bg3 0-0 12. Ne5 Bd7 13. Kb1 Nxc3+ 14. Qxc3 Nd5 15. Qd3 a5 16. Bc2 f5 17. a3 Be8 18. e4 fxe4 19. Qxe4 Nf6 20. Qd3 c5 21. Rhe1 b5 22. Ng6 c4 23. Nxe7+ Qxe7 24. Qe2 Bc6 25. Bf5 Bd5 26. Bxe6+ Qxe6 27. Qxe6+ Bxe6 28. Rxe6 Kf7 29. Rb6 Ra7 30. Rxb5 Rc8 31. Rc5 Rxc5 32. dxc5 Ne4 33. c6 Nxg3 34. hxg3 Ke6 35. Rd4 Rc7 36. Rxc4 Kd5 37. Rc3 a4 38. Kc2 Kd4 39. g4 Kd5 40. Kd3 g5 41. f3 Ke5 42. Rc5+ Kd6 43. Kc4 1-0

[Event "Pocos de Caldas op"]
[Site "Pocos de Caldas"]
[Date "2022.03.12"]
[Round "4"]
[White "Alves, Sidney David"]
[Black "Assis, Washington Luis Lin"]
[Result "1/2-1/2"]
[WhiteElo "1436"]
[BlackElo "1718"]
[PlyCount "64"]
[EventDate "2022.03.11"]
[EventType "swiss"]
[EventRounds "6"]
[EventCountry "BRA"]
[SourceTitle "CBM 207 Extra"]
[Source "ChessBase"]
[SourceDate "2022.05.31"]
[SourceVersion "1"]
[SourceVersionDate "2022.05.31"]
[SourceQuality "1"]

1. Nf3 Nf6 2. b3 g6 3. Bb2 Bg7 4. e3 0-0 5. Be2 b6 6. 0-0 Bb7 7. d4 d5 8. Nbd2 Ba6 9. c4 e6 10. Rc1 Ne4 11. cxd5 Bxe2 12. Qxe2 exd5 13. Nxe4 dxe4 14. Nd2 Re8 15. Rfd1 Nd7 16. b4 Nf6 17. b5 Nd5 18. a3 Qd7 19. Nb1 Rac8 20. Nc3 c6 21. bxc6 Rxc6 22. Nxd5 Qxd5 23. Rxc6 Qxc6 24. Rc1 Qd7 25. Qc2 h5 26. Qc6 Qxc6 27. Rxc6 Re7 28. Rc8+ Kh7 29. a4 Rd7 30. Bc3 Be5 31. g3 Rc7 32. Rxc7 Bxc7 1/2-1/2

[Event "Pan American-ch U2000"]
[Site "Timbo"]
[Date "2021.12.03"]
[Round "6"]
[White "Jorge, Denrick Cabral Jose"]
[Black "Assis, Washington Luis Lin"]
[Result "1-0"]
[WhiteElo "1915"]
[BlackElo "1725"]
[PlyCount "83"]
[EventDate "2021.12.01"]
[EventType "swiss"]
[EventRounds "9"]
[EventCountry "BRA"]
[SourceTitle "CBM 205 Extra"]
[Source "ChessBase"]
[SourceDate "2022.01.31"]
[SourceVersion "1"]
[SourceVersionDate "2022.01.31"]
[SourceQuality "1"]

1. e4 Nf6 2. e5 Nd5 3. d4 d6 4. Nf3 Bg4 5. Be2 e6 6. 0-0 Be7 7. c4 Nb6 8. exd6 cxd6 9. a4 d5 10. c5 N6d7 11. b4 a6 12. Ba3 0-0 13. Nc3 Bxf3 14. Bxf3 Nf6 15. b5 axb5 16. axb5 Qc8 17. Re1 Re8 18. Bb2 Rxa1 19. Qxa1 Nbd7 20. Qa4 Qc7 21. b6 Qc8 22. Qa2 Qc6 23. Be2 Qc8 24. Bb5 Rd8 25. h3 Nb8 26. Bc1 Nc6 27. Bxc6 Qxc6 28. Bf4 Ne8 29. Ra1 Bf6 30. Qa4 Qc8 31. Nb5 h6 32. Na7 Qa8 33. Bc7 Kf8 34. Bxd8 Bxd8 35. Nb5 Qc8 36. Nd6 Qb8 37. Qd7 Bf6 38. Nb5 Bd8 39. g3 g6 40. Ra7 Nf6 41. Qd6+ Qxd6 42. Nxd6 1-0

[Event "Concordia op 5th"]
[Site "Concordia"]
[Date "2019.05.04"]
[Round "8"]
[White "Assis, Washington Luis Lin"]
[Black "Calcada, Henrique Galvan"]
[Result "1-0"]
[WhiteElo "1768"]
[BlackElo "1356"]
[PlyCount "113"]
[EventDate "2019.05.01"]
[EventType "swiss"]
[EventRounds "9"]
[EventCountry "BRA"]
[SourceTitle "CBM 190 Extra"]
[Source "ChessBase"]
[SourceDate "2019.07.15"]
[SourceVersion "1"]
[SourceVersionDate "2019.07.15"]
[SourceQuality "1"]

1. c4 Nf6 2. Nc3 g6 3. g3 Bg7 4. Bg2 0-0 5. Nf3 d5 6. cxd5 Nxd5 7. 0-0 c5 8. Qb3 Nxc3 9. dxc3 Nc6 10. Bf4 Qb6 11. Qc2 e5 12. Bg5 h6 13. Bc1 Be6 14. e4 Rad8 15. Be3 Qb5 16. Rfc1 Bc4 17. Ne1 b6 18. b3 Be6 19. Bf1 Qa5 20. a3 c4 21. bxc4 Rb8 22. Rcb1 a6 23. Qb2 b5 24. cxb5 axb5 25. Bxb5 Na7 26. a4 Rfc8 27. Bxa7 Qxa7 28. Rc1 Bc4 29. Ng2 Qb6 30. Ne3 Bxb5 31. Rab1 Qa5 32. axb5 Rc7 33. c4 Bf8 34. Qxe5 Rcb7 35. Rd1 h5 36. Nd5 Qa7 37. Nf6+ Kg7 38. Nd7+ Kg8 39. Nxb8 Rxb8 40. Qd5 Bc5 41. Rf1 Kg7 42. Rbd1 Rb7 43. Kg2 Kh7 44. Ra1 Qb6 45. Ra6 Qc7 46. Rc6 Qe7 47. Qxc5 Qxe4+ 48. Kg1 Qf3 49. Qe5 Qd3 50. Rc8 f6 51. Qxf6 Rg7 52. Qf8 g5 53. Qh8+ Kg6 54. Rc6+ Kf7 55. Qxh5+ Rg6 56. Qh7+ Rg7 57. Qxd3 1-0

[Event "Concordia op 5th"]
[Site "Concordia"]
[Date "2019.05.04"]
[Round "7"]
[White "Cassel, Amanda Barpi"]
[Black "Assis, Washington Luis Lin"]
[Result "1-0"]
[WhiteElo "1374"]
[BlackElo "1768"]
[PlyCount "117"]
[EventDate "2019.05.01"]
[EventType "swiss"]
[EventRounds "9"]
[EventCountry "BRA"]
[SourceTitle "CBM 190 Extra"]
[Source "ChessBase"]
[SourceDate "2019.07.15"]
[SourceVersion "1"]
[SourceVersionDate "2019.07.15"]
[SourceQuality "1"]

1. e4 e5 2. Nf3 Nc6 3. Bc4 Nf6 4. d3 Be7 5. Nc3 0-0 6. 0-0 d6 7. h3 Na5 8. Bb3 Nxb3 9. axb3 h6 10. Nh2 Be6 11. f4 exf4 12. Bxf4 Nh7 13. Nf3 c6 14. Qe1 Ng5 15. Nxg5 Bxg5 16. Qg3 Bxf4 17. Rxf4 Qg5 18. Qxg5 hxg5 19. Rf2 a6 20. b4 Rad8 21. Ra5 f6 22. g4 Bc8 23. Ra1 Rfe8 24. Kh2 Kf7 25. Ra5 Re5 26. d4 Ree8 27. Rxg5 Kg8 28. Rxf6 Rf8 29. Rxf8+ Rxf8 30. Kg2 Be6 31. e5 d5 32. Ne2 Kh7 33. h4 g6 34. h5 gxh5 35. gxh5 Bf5 36. Nf4 Kh6 37. Ne6 Be4+ 38. Kg1 Re8 39. Nc7 Re7 40. Nxd5 cxd5 41. Rg3 Bxc2 42. Rh3 Be4 43. Kf2 Rg7 44. Ke3 Rg5 45. e6 Rg7 46. Kf4 Re7 47. Ke5 Kg5 48. Rg3+ Kxh5 49. Kf6 Rc7 50. e7 Rc6+ 51. Kf7 Rc7 52. Kf8 Bg6 53. Rxg6 Rxe7 54. Kxe7 Kxg6 55. Ke6 Kg7 56. Kxd5 Kf7 57. Kd6 Ke8 58. Kc7 b5 59. d5 1-0

[Event "Concordia op 5th"]
[Site "Concordia"]
[Date "2019.05.03"]
[Round "6"]
[White "Assis, Washington Luis Lin"]
[Black "Vivan, Eduardo Henrique Pr"]
[Result "1-0"]
[WhiteElo "1768"]
[BlackElo "1339"]
[PlyCount "63"]
[EventDate "2019.05.01"]
[EventType "swiss"]
[EventRounds "9"]
[EventCountry "BRA"]
[SourceTitle "CBM 190 Extra"]
[Source "ChessBase"]
[SourceDate "2019.07.15"]
[SourceVersion "1"]
[SourceVersionDate "2019.07.15"]
[SourceQuality "1"]

1. e4 e6 2. d4 d5 3. exd5 exd5 4. Nf3 c5 5. Be2 Nc6 6. 0-0 Nf6 7. h3 Be7 8. Be3 b6 9. Bb5 Bb7 10. c3 0-0 11. Nbd2 a6 12. Bd3 c4 13. Be2 b5 14. Bg5 h6 15. Bh4 a5 16. a3 b4 17. axb4 axb4 18. Rxa8 Bxa8 19. Bg3 Qa5 20. Qa1 Qxa1 21. Rxa1 Bb7 22. Ne5 Nxe5 23. Bxe5 bxc3 24. bxc3 Ra8 25. Rxa8+ Bxa8 26. Bd1 Kh7 27. f3 Kg6 28. Bc2+ Kh5 29. g4+ Kh4 30. Kg2 h5 31. Bg3+ Kg5 32. h4+ 1-0

[Event "Concordia op 5th"]
[Site "Concordia"]
[Date "2019.05.03"]
[Round "5"]
[White "Da Silva, Joao Carlos Orguim"]
[Black "Assis, Washington Luis Lin"]
[Result "1-0"]
[WhiteElo "1800"]
[BlackElo "1768"]
[PlyCount "117"]
[EventDate "2019.05.01"]
[EventType "swiss"]
[EventRounds "9"]
[EventCountry "BRA"]
[SourceTitle "CBM 190 Extra"]
[Source "ChessBase"]
[SourceDate "2019.07.15"]
[SourceVersion "1"]
[SourceVersionDate "2019.07.15"]
[SourceQuality "1"]

1. d4 Nf6 2. Nf3 g6 3. c4 Bg7 4. Nc3 d5 5. cxd5 Nxd5 6. e4 Nxc3 7. bxc3 0-0 8. Be2 c5 9. Be3 Nc6 10. 0-0 Bg4 11. d5 Bxf3 12. gxf3 Nb8 13. Qb3 Qc7 14. f4 Nd7 15. e5 b6 16. Bc4 Kh8 17. Rad1 Qc8 18. Be2 Qc7 19. c4 Rad8 20. Bf3 Nb8 21. Qd3 Qc8 22. Qe4 f5 23. Qc2 Qc7 24. Rfe1 Rfe8 25. Bd2 e6 26. d6 Qd7 27. Be3 Rf8 28. Kh1 Nc6 29. a3 Na5 30. Rg1 Nc6 31. Qd2 Na5 32. Qc2 Nc6 33. Qd2 Na5 34. Qd3 Qa4 35. Rc1 Rf7 36. h3 Qe8 37. Kh2 Nc6 38. Qe2 Nxe5 39. fxe5 Bxe5+ 40. Kh1 Bxd6 41. Bg5 Rc8 42. Rge1 e5 43. Bd5 Rf8 44. f4 Bb8 45. fxe5 h5 46. Bh6 Rf7 47. Qb2 Kh7 48. e6 Re7 49. Bg5 Rg7 50. Bf6 Rgc7 51. Rg1 Qf8 52. Be5 Re7 53. Bf6 Rec7 54. Rce1 Re8 55. Be5 Rce7 56. Bf6 Rc7 57. Rg2 Qh6 58. Bg5 Qf8 59. Reg1 1-0

[Event "Concordia op 5th"]
[Site "Concordia"]
[Date "2019.05.02"]
[Round "3"]
[White "Lopes, Leonardo Borges"]
[Black "Assis, Washington Luis Lin"]
[Result "1-0"]
[WhiteElo "1371"]
[BlackElo "1768"]
[PlyCount "91"]
[EventDate "2019.05.01"]
[EventType "swiss"]
[EventRounds "9"]
[EventCountry "BRA"]
[SourceTitle "CBM 190 Extra"]
[Source "ChessBase"]
[SourceDate "2019.07.15"]
[SourceVersion "1"]
[SourceVersionDate "2019.07.15"]
[SourceQuality "1"]

1. c4 Nf6 2. Nf3 c5 3. Nc3 g6 4. b3 Bg7 5. Bb2 d5 6. Nxd5 0-0 7. Nxf6+ exf6 8. e3 Nc6 9. Be2 b6 10. d4 f5 11. 0-0 f4 12. exf4 cxd4 13. Bd3 Nb4 14. Be4 Rb8 15. Bxd4 Bxd4 16. Nxd4 Qf6 17. Nb5 Qxf4 18. Qd6 Qxd6 19. Nxd6 Be6 20. a3 Na6 21. Nb5 Nc5 22. Bc2 a6 23. Nc7 Rbc8 24. Nxe6 Nxe6 25. Be4 Rc7 26. Rfd1 Nc5 27. Bc2 Re8 28. b4 Nb7 29. Ba4 Rec8 30. Bb3 a5 31. g3 Nd8 32. Rd6 Nc6 33. b5 Ne5 34. Rxb6 Nxc4 35. Ra6 Nd2 36. Ba2 Rc1+ 37. Rxc1 Rxc1+ 38. Kg2 Ra1 39. b6 Rxa2 40. b7 Rb2 41. Ra8+ Kg7 42. b8Q Rxb8 43. Rxb8 Nc4 44. a4 Kf6 45. Rb5 h5 46. Rc5 1-0

[Event "Florianopolis op 5th"]
[Site "Florianopolis"]
[Date "2019.01.27"]
[Round "10"]
[White "Assis, Washington Luis Lin"]
[Black "Monteiro, Daniel Zotelli"]
[Result "1-0"]
[WhiteElo "1775"]
[BlackElo "1567"]
[PlyCount "75"]
[EventDate "2019.01.21"]
[EventType "swiss"]
[EventRounds "10"]
[EventCountry "BRA"]
[SourceTitle "EXT 2020"]
[Source "ChessBase"]
[SourceDate "2019.10.17"]
[SourceVersion "1"]
[SourceVersionDate "2019.10.17"]
[SourceQuality "1"]

1. c4 e5 2. Nc3 Nc6 3. g3 g6 4. Bg2 Bg7 5. Nf3 d6 6. d3 Nge7 7. Bg5 f6 8. Bd2 0-0 9. 0-0 f5 10. e3 Be6 11. Ng5 Bd7 12. a3 a5 13. Nd5 Nxd5 14. Bxd5+ Kh8 15. Nf7+ Rxf7 16. Bxf7 Ne7 17. Bd5 Nxd5 18. cxd5 Qe7 19. Bc3 f4 20. e4 Bh3 21. Re1 Rf8 22. f3 g5 23. g4 h5 24. gxh5 Qf7 25. Kf2 Qxh5 26. Rg1 Bf6 27. Ke1 g4 28. fxg4 Bh4+ 29. Kd2 Qg5 30. Qf3 b6 31. Kc2 Kg7 32. Qxh3 c6 33. dxc6 Rc8 34. Qf3 Rxc6 35. Rac1 Qe7 36. Kb1 Rc5 37. g5 Rc6 38. Rg4 1-0

[Event "Sao Paulo op-B U2050 6th"]
[Site "Sao Paulo"]
[Date "2017.04.15"]
[Round "3"]
[White "Nicolini, Paulo Giovanni De A"]
[Black "Assis, Washington Luis Lin"]
[Result "1-0"]
[WhiteElo "1957"]
[BlackElo "1752"]
[PlyCount "141"]
[EventDate "2017.04.14"]
[EventType "swiss"]
[EventRounds "6"]
[EventCountry "BRA"]
[SourceTitle "EXT 2019"]
[Source "ChessBase"]
[SourceDate "2018.10.10"]
[SourceVersion "1"]
[SourceVersionDate "2018.10.10"]
[SourceQuality "1"]

1. e4 Nf6 2. e5 Nd5 3. d4 d6 4. c4 Nb6 5. exd6 exd6 6. Bd3 g6 7. Ne2 Bg7 8. Nbc3 0-0 9. Be3 Nc6 10. b3 Bg4 11. f3 Bc8 12. 0-0 Ne7 13. Bg5 f6 14. Bf4 a6 15. d5 Nd7 16. Nd4 Ne5 17. Bc2 c5 18. Ne6 Bxe6 19. dxe6 f5 20. Nd5 N5c6 21. Rb1 Bd4+ 22. Kh1 Nxd5 23. cxd5 Nb4 24. Bh6 Re8 25. Qd2 Nxd5 26. b4 Qe7 27. Rfe1 b5 28. Bb3 Nf6 29. Bg5 Rad8 30. Bd5 Kh8 31. Bc6 Rf8 32. a4 Rb8 33. axb5 axb5 34. Qd3 Be5 35. bxc5 b4 36. Rxe5 dxe5 37. Qd6 Qg7 38. e7 Ng8 39. exf8Q Rxf8 40. Bd5 h6 41. Bxg8 hxg5 42. Bd5 e4 43. fxe4 fxe4 44. Bxe4 Rf6 45. Qg3 Qf7 46. Qb8+ Kg7 47. Qb7 Rf4 48. Qxf7+ Kxf7 49. Bb7 b3 50. Bd5+ Ke7 51. Bxb3 Rb4 52. Ba2 Ra4 53. Bd5 Rd4 54. Bb7 Kd7 55. c6+ Kc7 56. h3 g4 57. hxg4 Rxg4 58. Kh2 Rd4 59. Rf1 g5 60. Rf7+ Kb6 61. Rf5 g4 62. Kg3 Rd2 63. Rf4 Rd3+ 64. Kxg4 Rd2 65. g3 Rd1 66. Kg5 Rd5+ 67. Rf5 Rd2 68. g4 Kc7 69. Kg6 Rd6+ 70. Rf6 Rd2 71. g5 1-0

[Event "Sao Paulo op-B U2050 6th"]
[Site "Sao Paulo"]
[Date "2017.04.14"]
[Round "2"]
[White "Assis, Washington Luis Lin"]
[Black "Barbosa, Flavio Novais"]
[Result "1/2-1/2"]
[WhiteElo "1752"]
[BlackElo "1857"]
[PlyCount "131"]
[EventDate "2017.04.14"]
[EventType "swiss"]
[EventRounds "6"]
[EventCountry "BRA"]
[SourceTitle "EXT 2019"]
[Source "ChessBase"]
[SourceDate "2018.10.10"]
[SourceVersion "1"]
[SourceVersionDate "2018.10.10"]
[SourceQuality "1"]

1. c4 Nf6 2. Nc3 d5 3. cxd5 Nxd5 4. Nf3 c5 5. g3 Nc6 6. Bg2 Nc7 7. d3 e5 8. 0-0 Be7 9. Ne4 Ne6 10. Ned2 Ned4 11. Nxd4 exd4 12. Ne4 f5 13. Nd2 Be6 14. Nf3 Qd7 15. Bf4 0-0 16. Ne5 Nxe5 17. Bxe5 Rad8 18. b3 b6 19. Qc1 Rfe8 20. Bf4 Bd6 21. Bg5 Rc8 22. Re1 h6 23. Bf4 Be7 24. h4 Bf6 25. Bf3 Kh7 26. Kh2 Rh8 27. Kg2 Rce8 28. Qd2 Qd8 29. h5 a5 30. Rab1 Bd5 31. Rbc1 Re7 32. Bxd5 Qxd5+ 33. f3 Rhe8 34. Rc2 Be5 35. Bxe5 Rxe5 36. Qf4 Re3 37. Kf2 Qe6 38. Rd2 Re7 39. Qh4 Ra7 40. Qf4 Qf7 41. g4 fxg4 42. Qxg4 Re5 43. Rh1 Rae7 44. f4 Rg5 45. Qf3 Rf5 46. Rh4 Re3 47. Qg4 Rg5 48. Qc8 Rxh5 49. Qg4 Rxh4 50. Qxh4 g5 51. Qg4 Qxf4+ 52. Qxf4 gxf4 53. Rd1 Rg3 54. a3 h5 55. b4 axb4 56. axb4 h4 57. bxc5 bxc5 58. Rc1 Rg5 59. Rh1 Kg6 60. Rxh4 Kf5 61. Rh8 Kg4 62. Rc8 Rh5 63. Rg8+ Rg5 64. Rh8 Re5 65. Rg8+ Kf5 66. Rf8+ 1/2-1/2

[Event "Sao Paulo op-B U2050 6th"]
[Site "Sao Paulo"]
[Date "2017.04.14"]
[Round "1"]
[White "Polonio, Rodolfo"]
[Black "Assis, Washington Luis Lin"]
[Result "1/2-1/2"]
[WhiteElo "1947"]
[BlackElo "1752"]
[PlyCount "72"]
[EventDate "2017.04.14"]
[EventType "swiss"]
[EventRounds "6"]
[EventCountry "BRA"]
[SourceTitle "EXT 2019"]
[Source "ChessBase"]
[SourceDate "2018.10.10"]
[SourceVersion "1"]
[SourceVersionDate "2018.10.10"]
[SourceQuality "1"]

1. d4 Nf6 2. c4 e6 3. Nf3 c5 4. d5 exd5 5. cxd5 d6 6. Nc3 Be7 7. g3 0-0 8. Bg2 Nbd7 9. 0-0 Re8 10. h3 Bf8 11. Nd2 a6 12. a4 b6 13. Nc4 Ne5 14. Na3 Bd7 15. f4 Ng6 16. Nc4 b5 17. axb5 axb5 18. Rxa8 Qxa8 19. Nb6 Qb7 20. Nxd7 Qxd7 21. Qc2 b4 22. Nd1 Qb5 23. Ne3 b3 24. Qd3 Qxd3 25. exd3 Ne7 26. Bd2 Ra8 27. Bc3 Ra2 28. Bxf6 gxf6 29. Rf2 f5 30. Nc4 Bg7 31. Re2 Bd4+ 32. Kh2 Kf8 33. Bf3 Nc8 34. Rd2 Ra4 35. Bd1 Rb4 36. Na5 Nb6 1/2-1/2

[Event "Sao Paulo Camara Memorial 1st"]
[Site "Sao Paulo"]
[Date "2016.03.13"]
[Round "5"]
[White "Gabriel, Claudiomar"]
[Black "Assis, Washington Luis Lin"]
[Result "1-0"]
[WhiteElo "1714"]
[BlackElo "1729"]
[PlyCount "57"]
[EventDate "2016.03.11"]
[EventType "swiss"]
[EventRounds "6"]
[EventCountry "BRA"]
[SourceTitle "CBM 171 Extra"]
[Source "ChessBase"]
[SourceDate "2016.04.26"]
[SourceVersion "1"]
[SourceVersionDate "2016.04.26"]
[SourceQuality "1"]

1. Nf3 Nf6 2. g3 d5 3. d3 g6 4. Bg2 Bg7 5. Nbd2 0-0 6. 0-0 c6 7. Re1 Bg4 8. h3 Be6 9. Nf1 Qc8 10. Kh2 Re8 11. e4 dxe4 12. dxe4 Bc4 13. c3 Nbd7 14. Ne3 Ba6 15. h4 e5 16. Bh3 Qc7 17. Ng4 Nc5 18. Bh6 Nfd7 19. Bxg7 Kxg7 20. Qd2 Ne6 21. Qh6+ Kh8 22. Rad1 Ndf8 23. Nf6 Re7 24. h5 Bc4 25. Rd2 Rd8 26. Red1 Rxd2 27. Rxd2 Bxa2 28. Bxe6 fxe6 29. Qxf8# 1-0

[Event "Sao Paulo Camara Memorial 1st"]
[Site "Sao Paulo"]
[Date "2016.03.11"]
[Round "2"]
[White "Assis, Washington Luis Lin"]
[Black "Sztokbant, Bernardo Vainzoff"]
[Result "1/2-1/2"]
[WhiteElo "1729"]
[BlackElo "2200"]
[PlyCount "136"]
[EventDate "2016.03.11"]
[EventType "swiss"]
[EventRounds "6"]
[EventCountry "BRA"]
[SourceTitle "CBM 171 Extra"]
[Source "ChessBase"]
[SourceDate "2016.04.26"]
[SourceVersion "1"]
[SourceVersionDate "2016.04.26"]
[SourceQuality "1"]

1. e4 Nf6 2. e5 Nd5 3. d4 d6 4. Nf3 Nc6 5. exd6 cxd6 6. Bc4 Nb6 7. Bb3 d5 8. h3 g6 9. c3 Bg7 10. Bf4 Bf5 11. 0-0 0-0 12. Nbd2 f6 13. Re1 Re8 14. Nf1 e5 15. dxe5 fxe5 16. Bg5 Qd7 17. Ng3 Be6 18. Be3 Kh8 19. Ng5 Bg8 20. Nf3 Rad8 21. Bg5 Rc8 22. Qd2 e4 23. Nd4 Nxd4 24. cxd4 Nc4 25. Bxc4 Rxc4 26. Be3 Rec8 27. Rac1 Qc6 28. Rxc4 Qxc4 29. b3 Qc2 30. Qxc2 Rxc2 31. Re2 Rc3 32. Rd2 Bf6 33. Ne2 Rc6 34. Rd1 Ra6 35. Rd2 Rc6 36. Rd1 Kg7 37. Rc1 Rxc1+ 38. Bxc1 Kf7 39. Ba3 Ke6 40. Kf1 g5 41. Bc1 Bf7 42. Be3 Be8 43. Nc3 Kd6 44. Ke2 Kc6 45. Kd2 h5 46. Ke2 h4 47. g3 Bd7 48. g4 b6 49. b4 a6 50. a3 Kd6 51. f3 exf3+ 52. Kxf3 Be8 53. Bg1 Ke6 54. Ke3 Be7 55. Bh2 a5 56. bxa5 bxa5 57. a4 Bg6 58. Bc7 Bb4 59. Na2 Be4 60. Nxb4 axb4 61. Kd2 Bg2 62. Bd8 Bxh3 63. Bxg5 Bxg4 64. Bxh4 b3 65. Kc3 Bd1 66. Bd8 Kd7 67. Bb6 b2 68. Kxb2 Bxa4 1/2-1/2

[Event "Joao Pessoa op 5th"]
[Site "Joao Pessoa"]
[Date "2014.03.14"]
[Round "1"]
[White "Rodrigues da Silva, Evandro"]
[Black "Assis, Washington Luis Lin"]
[Result "1-0"]
[WhiteElo "2168"]
[BlackElo "1761"]
[PlyCount "71"]
[EventDate "2014.03.14"]
[EventType "swiss"]
[EventRounds "6"]
[EventCountry "BRA"]
[SourceTitle "CBM 159 Extra"]
[Source "ChessBase"]
[SourceDate "2014.04.24"]
[SourceVersion "1"]
[SourceVersionDate "2014.04.24"]
[SourceQuality "1"]

1. d4 Nf6 2. c4 g6 3. Nc3 d5 4. Bg5 Ne4 5. Bh4 Nxc3 6. bxc3 Bg7 7. e3 0-0 8. Qb3 dxc4 9. Bxc4 Nd7 10. Nf3 h6 11. 0-0 Nb6 12. Bd3 Be6 13. c4 g5 14. Bg3 Qc8 15. Rac1 c5 16. d5 Bd7 17. Bb1 Bf5 18. e4 Bh7 19. e5 Bxb1 20. Qxb1 f5 21. exf6 exf6 22. Rfe1 Re8 23. Qg6 Rxe1+ 24. Rxe1 Qf8 25. Nd2 Qf7 26. Qf5 Re8 27. Re4 Nd7 28. Bd6 b6 29. Re6 Nf8 30. Bxf8 Qxf8 31. Ne4 Rxe6 32. dxe6 Qe7 33. Qd5 Bf8 34. Ng3 Qd6 35. e7+ Qxd5 36. exf8Q+ 1-0

[Event "Curitiba CC 76 Anniversary"]
[Site "Curitiba"]
[Date "2014.02.02"]
[Round "6"]
[White "De Borba, Guilherme"]
[Black "Assis, Washington Luis Lin"]
[Result "1-0"]
[WhiteElo "1606"]
[BlackElo "1782"]
[PlyCount "95"]
[EventDate "2014.01.31"]
[EventType "swiss"]
[EventRounds "6"]
[EventCountry "BRA"]
[SourceTitle "CBM 158 Extra"]
[Source "ChessBase"]
[SourceDate "2014.02.28"]
[SourceVersion "1"]
[SourceVersionDate "2014.02.28"]
[SourceQuality "1"]

1. e4 Nf6 2. e5 Nd5 3. d4 d6 4. c4 Nb6 5. exd6 exd6 6. Nc3 Be7 7. Bd3 Nc6 8. Nge2 Bg4 9. Be3 Nd7 10. 0-0 Nf6 11. b3 d5 12. c5 0-0 13. f3 Bh5 14. Nf4 Bg6 15. Nxg6 hxg6 16. Re1 a6 17. a3 Kh7 18. Bf2 Rh8 19. b4 Kg8 20. Qb3 Na7 21. Re2 Qd7 22. Rae1 Bf8 23. a4 c6 24. b5 axb5 25. axb5 Nc8 26. bxc6 bxc6 27. Ra2 Rxa2 28. Qxa2 Nh5 29. g3 Nf6 30. Bf1 Ne7 31. Qa8 Kh7 32. Rb1 Qf5 33. Kg2 Kg8 34. g4 Qc2 35. Qa2 Qxc3 36. Rb3 Qc1 37. Re3 Kh7 38. Bd3 Qc3 39. Bxg6+ Nxg6 40. Rxc3 Nf4+ 41. Kf1 Kg8 42. Bg3 Ne6 43. Qa4 g6 44. Be5 Bg7 45. Qxc6 Rh3 46. Kg2 Rh4 47. Qa8+ Kh7 48. c6 1-0

[Event "Curitiba CC 76 Anniversary"]
[Site "Curitiba"]
[Date "2014.02.01"]
[Round "3"]
[White "Das Chagas, David Ferreira"]
[Black "Assis, Washington Luis Lin"]
[Result "1/2-1/2"]
[WhiteElo "1688"]
[BlackElo "1782"]
[PlyCount "85"]
[EventDate "2014.01.31"]
[EventType "swiss"]
[EventRounds "6"]
[EventCountry "BRA"]
[SourceTitle "CBM 158 Extra"]
[Source "ChessBase"]
[SourceDate "2014.02.28"]
[SourceVersion "1"]
[SourceVersionDate "2014.02.28"]
[SourceQuality "1"]

1. c4 Nf6 2. Nc3 g6 3. d4 Bg7 4. e4 d6 5. f4 0-0 6. h3 c5 7. dxc5 dxc5 8. Be3 Qa5 9. Bd3 Na6 10. e5 Ne8 11. Nf3 Qd8 12. 0-0 Bd7 13. Qe2 Bc6 14. Rad1 Qc7 15. Nd5 Bxd5 16. cxd5 Nb4 17. Bc4 a5 18. a3 Na6 19. Bxa6 Rxa6 20. Rc1 Qd7 21. Bxc5 Nc7 22. d6 exd6 23. Bxd6 Rc8 24. Bxc7 Rxc7 25. Rxc7 Qxc7 26. Ng5 Rc6 27. Rf2 Bf8 28. Ne4 Rc1+ 29. Kh2 Qc6 30. Qd3 Be7 31. Nd6 Qc5 32. Qd2 b6 33. b4 axb4 34. axb4 Qc7 35. f5 Qc3 36. Qxc3 Rxc3 37. fxg6 fxg6 38. Ne4 Rc4 39. Nf6+ Bxf6 40. Rxf6 Rxb4 41. e6 Re4 42. e7 Rxe7 43. Rxb6 1/2-1/2

[Event "Curitiba CC 76 Anniversary"]
[Site "Curitiba"]
[Date "2014.01.31"]
[Round "1"]
[White "Pires, Marcos Vinicius Tor"]
[Black "Assis, Washington Luis Lin"]
[Result "1-0"]
[WhiteElo "2232"]
[BlackElo "1782"]
[PlyCount "127"]
[EventDate "2014.01.31"]
[EventType "swiss"]
[EventRounds "6"]
[EventCountry "BRA"]
[SourceTitle "CBM 158 Extra"]
[Source "ChessBase"]
[SourceDate "2014.02.28"]
[SourceVersion "1"]
[SourceVersionDate "2014.02.28"]
[SourceQuality "1"]

1. Nf3 Nf6 2. c4 g6 3. Nc3 Bg7 4. g3 c5 5. d4 cxd4 6. Nxd4 0-0 7. Bg2 Nc6 8. 0-0 Nxd4 9. Qxd4 d6 10. Qd3 Rb8 11. Rd1 Be6 12. Be3 b6 13. Nb5 a6 14. Nd4 Bd7 15. h3 Qc8 16. Kh2 h6 17. a4 Nh7 18. Qd2 h5 19. Rdc1 Qe8 20. b3 Be5 21. f4 Bg7 22. Ra2 Nf6 23. Bf2 Qd8 24. Nc6 Bxc6 25. Bxc6 Qc7 26. Bg2 Rbc8 27. a5 bxa5 28. Qxa5 Qxa5 29. Rxa5 Rb8 30. Rb1 Rfc8 31. Ra4 Nd7 32. Ba7 Nc5 33. Bxb8 Nxa4 34. bxa4 Rxc4 35. Rb7 Bf6 36. e4 Kf8 37. e5 dxe5 38. Bxe5 Bxe5 39. fxe5 Rxa4 40. Rb2 Ra5 41. Re2 e6 42. Kg1 Ke7 43. Kf2 Ra3 44. Re3 Ra2+ 45. Kf3 a5 46. Rb3 a4 47. Rb7+ Kf8 48. Ra7 g5 49. Bf1 a3 50. Be2 Kg7 51. Bc4 Ra1 52. Bxe6 Re1 53. Rxf7+ Kg6 54. Rf6+ Kg7 55. Rf7+ Kg6 56. Ra7 Rxe5 57. Bf7+ Kh6 58. Ra6+ Kg7 59. Bxh5 Rc5 60. Rxa3 Rc1 61. Kg4 Rc5 62. Ra7+ Kh6 63. Ra6+ Kh7 64. Rg6 1-0